| 000 | 00651nam a22001817a 4500 | ||
|---|---|---|---|
| 003 | BD-DhUL | ||
| 005 | 20160905190111.0 | ||
| 008 | 160905b1998 ii ||||| |||| 00| 0 ben d | ||
| 040 | _cBD-DhUL | ||
| 082 |
_a954.14 _bROP |
||
| 100 | 1 | _aরায়, রজতকান্ত | |
| 245 | 1 |
_aপলাশীর ষড়যন্ত্র ও সেকালের সমাজ _cরজতকান্ত রায় |
|
| 260 |
_aকলকাতা : _bআনন্দ পাব., _c১৯৯৮ |
||
| 300 |
_a৩১২ পৃ. : _c২১ সে.মি. |
||
| 650 | 0 | _aভারত-ইতিহাস | |
| 650 | 0 | _aIndia-history | |
| 942 |
_2ddc _cBK |
||
| 999 |
_c104304 _d104304 |
||